Statistiques concernant box office france 2015

Cliquez ici pour prendre le quiz!

Statistiques générales

  • Ce quiz a été pris 18 fois
  • Le résultat moyen est 2 sur 20

Statistiques - réponses

HintRéponse% Correct
1star wars
65%
8avengers l'ere d'ultron
29%
6vice versa
24%
2les minions
18%
4spectre
18%
11babysitting 2
12%
5fast and furious 7
12%
15hunger games la révolte partie 2
12%
7les nouvelles aventures d'aladin
12%
14papa ou maman
12%
20divergente 2
6%
3jurassik world
6%
13le labyrinthe la terre brulée
6%
19seul sur mars
6%
12american sniper
0%
9cinquante nuances de grey
0%
10les profs 2
0%
17le voyage d'arlo
0%
16mission impossible rogue nation
0%
18taken 3
0%

Distribution des résultats

Percentile par nombre de réponses

% des personnes avec chaque résultat

Votre développement - résultats

Vous n’avez pas pris ce quiz